| 000 | 00752nam a2200217 i 4500 | ||
|---|---|---|---|
| 001 | 23451 | ||
| 003 | ES-MaACL | ||
| 005 | 20250830222952.0 | ||
| 007 | t| | ||
| 008 | 021210s1974 sp ||||1| spa d | ||
| 100 | 1 |
_aAllendesalazar, José Manuel _920020 |
|
| 245 | 1 | 3 |
_aEl 98 de los americanos / _cJosé Manuel Allendesalazar. |
| 260 |
_aMadrid : _bCuadernos para el Diálogo, _c1974. |
||
| 300 |
_a314 p. ; _c18 cm. |
||
| 490 | 1 |
_aDivulgación universitaria. Historia contemporánea ; _v70 |
|
| 650 | 0 | 4 |
_aGuerra hispano-americana, 1898 _913207 |
| 710 | 2 |
_aCuadernos para el Diálogo. _93333 |
|
| 830 | 1 |
_aDivulgación universitaria. Historia contemporánea ; _v70 _9187468 |
|
| 852 |
_aES-MaACL _jE-6167 |
||
| 999 |
_c23451 _d23451 |
||